000 01155nam a22002537a 4500
005 20240530110554.0
008 160730s2014 ua ||||g b 00| 0 ara d
017 _a2012/22639
_bمصر. دار الكتب الوطنية
020 _a9789773832678
040 _aEG-CaGPL
082 0 4 _a306.2/
_bم ت
_221
100 0 _aمشحن زيد محمد التميمي.
245 1 2 _aالتنظير السوسيولوجي للدولة و المجتمع :
_bدراسة لاجهزة الدولة الايديولوجية من 1958-2007 /
_cتأليف مشحن زيد محمد التميمي ؛ قدم له احمد عبد الله زايد.
250 _aط. 1.
260 _aالقاهرة :
_bايتراك للطباعة والنشر والتوزيع،
_c2014.
300 _a350 ص. ؛
_c24 سم.
504 _aببليوجرافية : ص. 323-348.
650 0 4 _aالاجتماع السياسي، علم
650 0 4 _aالايديولوجيا
650 0 4 _aالدولة
_xعلاقتها بالافراد والجماعات
700 0 _aاحمد عبد الله زايد
_eمقدم.
942 _2ddc
_cBK
999 _c62514
_d62514